Estudios sobre el proceso contencioso-administrativo en materia tributaria

Detalles Bibliográficos
Otros Autores: Merino Jara, Isaac (Conductor), Lucas Durǹ, Manuel (coor.), Alonso Murillo, Felipe (coaut.)
Formato: Libro
Lenguaje:español
Publicado: Barcelona : Bosch, 2015.
Materias:
Acceso en línea:Acceso restringido

MARC

LEADER 00000cam a2200000 i 4500
005 20150706180421.0
007 cr|||| ||||
008 150206s2015 sp 000 0 spa d
020 |a 978-84-943023-1-2 
035 |a 12730 
040 |a BUPV  |d BUS  |d vLex 
080 |a 347.993 : 336.2 <460> 
090 |c 5472  |d 5472 
245 0 0 |a Estudios sobre el proceso contencioso-administrativo en materia tributaria   |h [Recurso electrn̤ico] /  |c Isaac Merino Jara (Director) ; Manuel Lucas Durǹ (Coordinador) ; autores, Felipe Alonso Murillo, ... [et al.] 
256 |a Servicio en ln̕ea 
260 |a Barcelona :  |b Bosch,  |c 2015. 
300 |a 1 recurso electrn̤ico 
500 |a En la presente obra un grupo de especialistas de Derecho Tributario (profesores de Universidad y magistrados del TS y de TSJ) estudian las disposiciones de la Ley 29/1998, de 13 de julio, reguladora de la Jurisdiccin̤ Contencioso-administrativa, y reflexionan sobre sus efectos en el m̀bito de los litigios tributarios. Existen en este campo especialidades y matices que justifican una obra monogrf̀ica que ponga el acento en las particularidades que afectan a los procedimientos judiciales seguidos contra el Fisco. Las materias analizadas en la obra abarcan temas tan relevantes en materia tributaria como la actividad impugnable (actos administrativos y disposiciones generales, as ̕como inactividad y va̕ de hecho); las competencias de los r̤ganos judiciales y legitimacin̤ de las partes; las reglas de determinacin̤ de la cuanta̕ en el recurso contencioso-administrativo; el anl̀isis de distintos actos y momentos en el seno del proceso como la demanda y contestacin̤; la extensin̤ de sus efectos a otros supuestos, as ̕como otros modos de terminacin̤ del proceso como la mediacin̤; el procedimiento abreviado y otros procedimientos especiales como el de proteccin̤ de derechos fundamentales; las medidas cautelares; los recursos de lesividad, apelacin̤ y casacin̤ o la cuestin̤ de ilegalidad. En definitiva, se trata de una obra que constituye una gran ayuda para quienes dirijan y asesoren en relacin̤ con pleitos de naturaleza tributaria. 
506 1 |a Contenido solo disponible en los productos indicados  |d vLex Global  |d vLex Global (Academic Edition, excluding Law Schools)  |d vLex Global (U.S. Academic Edition, Law Schools)  |d vLex Global (U.S. Academic Edition, excluding Law Schools)  |d vLex Global (Academic Edition, Law Schools) 
650 0 4 |a Tribunales tributarios  |z Espaą 
650 0 4 |a Derecho tributario  |z Espaą 
700 1 |a Merino Jara, Isaac,  |e dir. 
700 1 |a Lucas Durǹ, Manuel,  |e coor. 
700 1 |a Alonso Murillo, Felipe,  |e coaut. 
740 0 |a vLex Libros (Servicio en ln̕ea) 
856 4 0 |u http://vlex.com/source/estudios-sobre-el-proceso-contencioso-administrativo-en-materia-tributaria-12730  |z Acceso restringido 
942 |c BOOK 
999 0 |a  Tax courts 
999 0 |a Taxation